| 000 | 00579nam a2200169 4500 | ||
|---|---|---|---|
| 001 | 111139 | ||
| 003 | ES-MaACL | ||
| 005 | 20230906185241.0 | ||
| 007 | t| | ||
| 008 | 061121s1960 sp r ||||1| spa d | ||
| 100 | 1 |
_aOlalquiaga Soriano, Ramón. _986649 |
|
| 245 | 1 | 0 |
_aProductividad agrícola y costos de producción / _cRamón Olalquiaga Soriano ; prólogo de Salvador Serrats Urquiza. |
| 260 |
_aMadrid : _bOficina Agrícola, _c1960. |
||
| 300 |
_a432 p., 10 lám : _bil. ; _c21 cm. |
||
| 700 | 1 |
_aSerrats Urquiza, Salvador. _9105829 |
|
| 852 |
_aES-MaACL _jC-20639 _bR.48336 |
||
| 999 |
_c111139 _d111139 |
||